000 00784nam a2200241Ia 4500
999 _c36088
_d36088
001 1988
003 GE_BSU
005 20190424164433.0
008 181216s2007||||ru |||||||||||||| ||rus||
020 _a9785222111499
040 _cGE_BSU
041 _arus
080 _a342.9(075.8) T-41
100 _aТимошенко, Иван Владимирович.
_9477
245 _aАдминистративная ответственность :
_bконспект лекций /
_cИ. В.Тимошенко
260 _aРостов- На-Дону :
260 _bФеникс,
260 _c2007.
300 _a244 стр.
653 _aსამართალი
653 _aადმინისტრაციული სამართალი
942 _cBK
_2udc